Statistics for Countries Closest to an Unknown Country A-Z #3

Click here to take the quiz!

General Stats

  • This quiz has been taken 6,243 times
    (5,510 since last reset)
  • The average score is 19 of 25

Answer Stats

Country% Correct
UUnited States
93%
YYemen
92%
QQatar
90%
OOman
88%
ZZambia
88%
MMexico
86%
VVenezuela
85%
HHonduras
85%
JJamaica
81%
BBelize
81%
PPanama
80%
NNicaragua
80%
CCosta Rica
79%
EEl Salvador
77%
AAntigua & Barbuda
75%
DDominican Republic
75%
Unknown{GUATEMALA}
73%
FFrance
70%
SSt Kitts & Nevis
68%
TTrinidad & Tobago
68%
GGrenada
62%
RRussia
58%
KKiribati
46%
IIceland
43%
LLiberia
27%

Score Distribution

Percentile by Number Answered

Percent of People with Each Score

Your Score History

You have not taken this quiz since the last reset